00540nmm a22001217a 450000500170000000800410001704100080005804400070006611000470007324501390012026001310025930000280039020131217101030.0131217b2006 gt ||||| |||| 00| 0 spa d aspa agt aCiencia y tecnología para el desarrollo  aJornadas iberoamericanas sobre gestión del conocimiento al nivel de las organizaciones :bexperiencias en Latinoamérica y España aGuatemalabCYTEDbMinisterio de asuntos exteriores y de cooperaciónbAgencia española de cooperación internacionalc2006 a28 diapositivas,c13 cm